|
|
|
|
| LEADER |
01257nam a2200265 u 4500 |
| 001 |
10094686 |
| 003 |
upatras |
| 005 |
20250130063412.0 |
| 008 |
110923s1966 gr f gre |
| 040 |
|
|
|a GR-PaULI
|c GR-PaULI
|
| 041 |
0 |
|
|a gre
|
| 082 |
1 |
4 |
|a 889.12
|2 EEB
|
| 100 |
1 |
|
|a Καβάφης, Κ. Π.
|q (Κωνσταντίνος Π.),
|d 1863-1933
|9 3071
|
| 245 |
1 |
0 |
|a Ποιήματα
|b (1896-1933)
|c Κ. Π. Καβάφη; σχέδια του Ν. Χατζηκυριάκου Γκίκα
|
| 260 |
|
|
|a Αθήνα
|b Ίκαρος
|c 1966
|
| 300 |
|
|
|a 211 σ.
|b εικ. ασπρ.
|c 28 εκ.
|
| 650 |
|
4 |
|a Νεοελληνική ποίηση
|y 20ός αιώνας
|9 5902
|
| 650 |
|
4 |
|a Καλλιτέχνες, Έλληνες
|y 20ός αιώνας
|9 79338
|
| 650 |
|
4 |
|a Τέχνη και λογοτεχνία
|9 79342
|
| 700 |
1 |
|
|a Χατζηκυριάκος - Γκίκας, Νικόλαος,
|d 1906-1994
|9 3562
|
| 852 |
|
|
|a GR-PaULI
|b ΠΑΤΡΑ
|b ΒΚΠ
|b ΑΝΤ
|k ΟΧΙΔ
|h 889.12 ΚΑΒ
|m 047190
|p 025000061406
|t 1
|
| 942 |
|
|
|2 ddc
|c BKN
|
| 952 |
|
|
|0 0
|1 0
|2 ddc
|4 0
|6 889_120000000000000_ΚΑΒ
|7 0
|9 103834
|a LISP
|b LISP
|c DON
|d 2016-04-24
|e ΑΝΤ
|i 047190
|l 0
|o 889.12 ΚΑΒ
|p 025000061406
|r 2016-04-24 00:00:00
|t 1
|w 2016-04-24
|y BKN
|
| 998 |
|
|
|c ΒΑΣΙΛΕΙΟΥ
|d 2011-09
|
| 999 |
|
|
|c 70380
|d 70380
|